Algunos criterios para la confección de programas de computadora para la enseñanza (Record no. 62211)

MARC details
000 -CABECERA
campo de control de longitud fija 00670nam a2200241 a 4500
005 - FECHA Y HORA DE LA ÚLTIMA TRANSACCIÓN
campo de control 20210219152846.0
008 - ELEMENTOS DE LONGITUD FIJA--INFORMACIÓN GENERAL
campo de control de longitud fija 991125n 000 0 spa u
035 ## - NÚMERO DE CONTROL DEL SISTEMA
Número de control de sistema UPN01000063587
100 1# - ASIENTO PRINCIPAL--NOMBRE PERSONAL
Nombre de persona Bittencourt Brum, Daniel de
222 ## - TÍTULO CLAVE
Título clave EDUCACION
245 ## - MENCIÓN DE TÍTULO
Título Algunos criterios para la confección de programas de computadora para la enseñanza
260 ## - PUBLICACIÓN, DISTRIBUCIÓN, ETC.
Lugar de publicación, distribución, etc. Cuba
300 ## - DESCRIPCIÓN FÍSICA
Extensión 34-37
362 0# - FECHAS DE PUBLICACIÓN Y/O DESIGNACIÓN SECUENCIAL
Fecha de publicación y/o designación secuencial 1987 Año 17, no. 64, ene.-mar.
653 0# - TERMINO DE INDIZACION - NO CONTROLADO
Término no controlado COMPUTACION
653 0# - TERMINO DE INDIZACION - NO CONTROLADO
Término no controlado ENSEÑANZA
653 0# - TERMINO DE INDIZACION - NO CONTROLADO
Término no controlado SOFTWARE EDUCATIVO
653 0# - TERMINO DE INDIZACION - NO CONTROLADO
Término no controlado TECNOLOGIA EDUCATIVA
700 1# - ASIENTO SECUNDARIO--NOMBRE DE PERSONAL
Nombre de persona Vega Belmonte, Aimee,
700 1# - ASIENTO SECUNDARIO--NOMBRE DE PERSONAL
Término indicativo de función/relación coaut.
904 ## - ELEMENTOS DE DATOS D LOCAL, LDD (RLIN)
a AC
b 001398
905 ## - TIPO DE MATERIAL
Tipo de material Articulo

No items available.